| 000 | 03657cam a2200469 i 4500 | ||
|---|---|---|---|
| 001 | 21609164 | ||
| 005 | 20241104111149.0 | ||
| 008 | 200713s2021 txua b 001 0 eng | ||
| 010 | _a 2020942138 | ||
| 020 |
_a9781319228002 _q(paperback) |
||
| 020 |
_a1319228003 _q(paperback) |
||
| 020 |
_z9781319322342 _q(epub) |
||
| 020 |
_z9781319322380 _q(mobi) |
||
| 020 | _a9781319381493 | ||
| 040 |
_aDLC _beng _erda _cDLC |
||
| 042 | _apcc | ||
| 050 | 0 | 0 |
_aQD415 _b.L44 2021 |
| 082 | 0 | 0 |
_a612.015 _bNEL |
| 100 | 1 |
_aNelson, David L. _q(David Lee), _d1942- _eauthor. _92456 |
|
| 245 | 1 | 0 |
_aLehninger principles of biochemistry / _cDavid L. Nelson, Professor Emeritus of Biochemistry, University of Wisconsin-Madison, Michael M. Cox, Professor of Biochemistry, University of Wisconsin-Madison, Aaron A. Hoskins, Associate Professor of Biochemistry, University of Wisconsin-Madison. |
| 246 | 3 | 0 | _aPrinciples of biochemistry |
| 250 | _aEighth edition. | ||
| 264 | 1 |
_aAustin : _bMacmillan Learning, _c[2021] |
|
| 300 |
_a1 volume (various pagings) : _billustrations (chiefly color) ; _c28 cm |
||
| 336 |
_atext _btxt _2rdacontent |
||
| 337 |
_aunmediated _bn _2rdamedia |
||
| 338 |
_avolume _bnc _2rdacarrier |
||
| 500 | _aRevised edition of: Lehninger principles of biochemistry / David L. Nelson, Michael M. Cox. Seventh edition. [2017]. | ||
| 504 | _aIncludes bibliographical references and index. | ||
| 505 | 0 | _aPreface viii -- 1. The Foundations of Biochemistry -- I STRUCTURE AND CATALYSIS -- 2. Water, the Solvent of Life -- 3. Amino Acids, Peptides, and Proteins -- 4. The Three-Dimensional Structure of Proteins -- 5. Protein Function -- 6. Enzymes -- 7. Carbohydrates and Glycobiology -- 8. Nucleotides and Nucleic Acids -- 9. DNA-Based Information Technologies -- 10. Lipids -- 11. Biological Membranes and Transport -- 12. Biochemical Signaling -- II BIOENERGETICS AND METABOLISM -- 13. Introduction to Metabolism -- 14. Glycolysis, Gluconeogenesis, and the Pentose Phosphate Pathway -- 15. The Metabolism of Glycogen in Animals -- 16. The Citric Acid Cycle -- 17. Fatty Acid Catabolism -- 18. Amino Acid Oxidation and the Production of Urea -- 19. Oxidative Phosphorylation -- 20. Photosynthesis and Carbohydrate Synthesis in Plants -- 21. Lipid Biosynthesis -- 22. Biosynthesis of Amino Acids, Nucleotides, and Related Molecules -- 23. Hormonal Regulation and Integration of Mammalian Metabolism -- III INFORMATION PATHWAYS -- 24. Genes and Chromosomes -- 25. DNA Metabolism -- 26. RNA Metabolism -- 27. Protein Metabolism -- 28. Regulation of Gene Expression -- Abbreviated Solutions to Problems -- Glossary | |
| 520 | _a"Lehninger Principles of Biochemistry earned acclaim for its presentation and organization of complex concepts and connections, anchored in the principles of biochemistry. This legacy continues in the eighth edition with a new framework that highlights the principles and supports student learning"-- Provided by publisher. | ||
| 650 | 0 |
_a Biochemistry _vOutlines, syllabi, etc _9126189 |
|
| 650 | 0 |
_aBiochemistry _vProblems, exercises, etc. _9126713 |
|
| 650 | 0 |
_aClinical biochemistry _vOutlines, syllabi, etc. _9126191 |
|
| 650 | 0 |
_aClinical biochemistry _vExaminations, questions, etc. _9126192 |
|
| 700 | 1 |
_aCox, Michael M., _eauthor. _92457 |
|
| 700 | 1 |
_aHoskins, Aaron A., _eauthor. _9126714 |
|
| 906 |
_a7 _bcbc _corignew _d2 _eepcn _f20 _gy-gencatlg |
||
| 942 |
_2ddc _cBK |
||
| 999 |
_c612238 _d612238 |
||